[Event "Titled Tue 17th Jun Late"]
[Site "chess.com INT"]
[Date "2025.06.17"]
[Round "4"]
[White "Yazici, Ugur Doga"]
[Black "Reinecke, Katharina"]
[Result "1-0"]
[WhiteTitle "CM"]
[BlackTitle "WCM"]
[WhiteElo "2161"]
[BlackElo "1921"]
[WhiteFideId "6363342"]
[BlackFideId "12929727"]
[EventDate "2025.06.17"]

1. e4 c6 2. d4 d5 3. exd5 cxd5 4. c4 Nf6 5. Nc3 e6 6. cxd5 Nxd5 7. Nf3 Be7 8.
Bd3 O-O 9. O-O Nc6 10. Re1 Nf6 11. Bg5 h6 12. Bh4 a6 13. Rc1 b5 14. Bxf6 Bxf6
15. Ne4 Bb7 16. Nc5 Qe7 17. Be4 Rac8 18. Nxb7 Qxb7 19. d5 exd5 20. Qxd5 Rfd8 21.
Qc5 Ne5 22. Bxb7 Rxc5 23. Rxc5 Nd3 24. Rd5 Rxd5 25. Bxd5 Nxe1 26. Nxe1 Bxb2 27.
Nc2 a5 28. Bc6 b4 29. Kf1 Kf8 30. Ke2 Ke7 31. Kd3 Kd6 32. Be8 f6 33. Nd4 Kc5 34.
Ne6+ Kb6 35. Nxg7 Bc3 36. Nf5 Be1 37. f3 Bf2 38. Kc4 Be1 39. Nxh6 1-0

[Event "Titled Tue 17th Jun Late"]
[Site "chess.com INT"]
[Date "2025.06.17"]
[Round "4"]
[White "Cupid, Kevin"]
[Black "Mulawa, Cyprian"]
[Result "0-1"]
[WhiteTitle "FM"]
[BlackTitle "FM"]
[WhiteElo "2189"]
[BlackElo "2324"]
[WhiteFideId "7700512"]
[BlackFideId "21001855"]
[EventDate "2025.06.17"]

1. d4 e6 2. e4 a6 3. Nf3 d5 4. Bd3 dxe4 5. Bxe4 Nf6 6. Bd3 c5 7. dxc5 Bxc5 8.
O-O b5 9. a4 b4 10. a5 Bb7 11. Bg5 Nbd7 12. Nbd2 Qc7 13. Bh4 O-O 14. Re1 Rac8
15. Qe2 Nd5 16. Bxa6 Nf4 17. Qf1 Bxa6 18. Qxa6 Ra8 19. Qc4 Rfc8 20. Bg3 Bxf2+
21. Kxf2 Qxc4 22. Nxc4 Rxc4 23. Bxf4 Rxf4 24. Red1 Nc5 25. b3 Kf8 26. Rd4 e5 27.
Rxf4 exf4 28. Ne5 Ra6 29. Kf3 g5 30. h3 Ke7 31. Nc4 Ne6 32. Rd1 f5 33. Rd5 Kf6
34. Ke2 g4 35. Kf2 Ng5 36. h4 Ne4+ 37. Ke1 f3 38. gxf3 gxf3 39. Rd3 f2+ 40. Kf1
Ra8 41. Nd6 Rxa5 42. Nxe4+ fxe4 43. Re3 Ke5 44. Kxf2 Ra2 45. Re2 Kd4 46. h5 Kc3
47. Kg3 Rxc2 48. Rxe4 Kxb3 49. Re7 Rc3+ 50. Kf4 Kc2 51. Rxh7 b3 52. Rb7 b2 53.
h6 Rb3 54. Rc7+ Kd2 55. h7 b1=Q 56. Rd7+ Ke2 57. Re7+ Kf2 58. h8=Q Rf3+ 59. Ke5
Qb2+ 0-1

[Event "Titled Tue 17th Jun Late"]
[Site "chess.com INT"]
[Date "2025.06.17"]
[Round "4"]
[White "Zhang, Derek"]
[Black "Guerra Mendez, Jose Angel"]
[Result "0-1"]
[WhiteTitle "CM"]
[BlackTitle "GM"]
[WhiteElo "2162"]
[BlackElo "2478"]
[WhiteFideId "2087871"]
[BlackFideId "3508129"]
[EventDate "2025.06.17"]

1. Nf3 Nf6 2. c4 g6 3. Nc3 Bg7 4. e4 d6 5. d4 O-O 6. h3 e5 7. d5 a5 8. g4 Na6 9.
Be3 Nc5 10. Nd2 Bd7 11. Be2 a4 12. a3 c6 13. Qc2 Qa5 14. O-O-O cxd5 15. exd5 Ne8
16. Kb1 f5 17. gxf5 Bxf5 18. Nde4 Nf6 19. Bxc5 Nxe4 20. Nxe4 Bxe4 21. Qxe4 Qxc5
22. f3 Rf4 23. Qc2 Ra6 24. Bd3 e4 25. Bxe4 Rb6 26. Rh2 Rxb2+ 27. Qxb2 Bxb2 28.
Rxb2 Rf7 29. Rb4 Qe3 30. Rd3 Qe1+ 31. Kb2 Qe2+ 32. Kc3 Rc7 33. Rxa4 b5 34. Rb4
Qa2 35. Kd4 bxc4 36. Rd1 c3 37. Rc1 Qd2+ 0-1

[Event "Titled Tue 17th Jun Late"]
[Site "chess.com INT"]
[Date "2025.06.17"]
[Round "4"]
[White "Haddouche, Mohamed"]
[Black "Maglioni, Leonardo"]
[Result "1-0"]
[WhiteTitle "GM"]
[WhiteElo "2490"]
[BlackElo "2069"]
[WhiteFideId "7900660"]
[BlackFideId "2896830"]
[EventDate "2025.06.17"]

1. e4 c6 2. d4 d5 3. e5 Bf5 4. h4 h5 5. c4 e6 6. Nc3 Nd7 7. cxd5 cxd5 8. Bd3
Bxd3 9. Qxd3 a6 10. Nf3 Ne7 11. Bg5 Qb6 12. O-O Nc6 13. a3 Be7 14. Bxe7 Nxe7 15.
b4 Nf5 16. Nxd5 exd5 17. Qxf5 Qe6 18. Qd3 Rh6 19. Rac1 Rg6 20. g3 Qh3 21. Ng5
Qg4 22. e6 Rxe6 23. Nxe6 fxe6 24. Rc7 Ke7 25. Re1 Rf8 26. Rxb7 Rf7 27. Qxa6 Qf3
28. Qe2 Qf5 29. a4 g5 30. hxg5 h4 31. Kg2 Rh7 32. g4 h3+ 33. Kh1 Qf7 34. f4 Rg7
35. f5 Rxg5 36. Qxe6+ Qxe6 37. Rxe6+ Kd8 38. Rd6 Rg7 39. Rdxd7+ Rxd7 40. Rxd7+
Kxd7 41. Kh2 1-0

[Event "Titled Tue 17th Jun Late"]
[Site "chess.com INT"]
[Date "2025.06.17"]
[Round "4"]
[White "Molinaroli, Martin"]
[Black "Ashwath Kaushik"]
[Result "0-1"]
[WhiteTitle "FM"]
[BlackTitle "CM"]
[WhiteElo "2157"]
[BlackElo "2040"]
[WhiteFideId "4606604"]
[BlackFideId "33387230"]
[EventDate "2025.06.17"]

1. b3 Nf6 2. Bb2 e6 3. e3 Be7 4. Nf3 O-O 5. c4 d5 6. d4 b6 7. Nc3 Bb7 8. Bd3 c5
9. O-O Nbd7 10. Re1 Rc8 11. Rc1 h6 12. Bb1 dxc4 13. bxc4 cxd4 14. Qxd4 Bxf3 15.
gxf3 Nc5 16. Nb5 a6 17. Nc3 Qc7 18. Ne4 Ncxe4 19. Bxe4 Rfd8 20. Qc3 Bd6 21. h3
a5 22. Red1 Bb4 23. Qb3 Nxe4 24. fxe4 Rxd1+ 25. Rxd1 Rd8 26. Kg2 Rxd1 27. Qxd1
Qd6 28. Qxd6 Bxd6 29. f4 f6 30. Bd4 Bc5 31. Bxc5 bxc5 32. a4 Kf7 33. Kf2 Kg6 34.
Kg3 Kf7 35. h4 h5 36. Kf3 g6 37. Kg3 Kg7 38. Kf3 Kh6 39. Kg3 g5 40. fxg5+ fxg5
41. e5 Kg6 42. e4 gxh4+ 43. Kxh4 Kh6 44. Kh3 Kg5 45. Kg3 h4+ 46. Kh3 Kf4 47.
Kxh4 Kxe5 48. Kg5 Kxe4 49. Kf6 e5 50. Ke6 Kd4 51. Kf5 e4 52. Kf4 e3 53. Kf3 Kd3 0-1

[Event "Titled Tue 17th Jun Late"]
[Site "chess.com INT"]
[Date "2025.06.17"]
[Round "4"]
[White "Rustamov, Rustam"]
[Black "Kramnik, Vladimir"]
[Result "0-1"]
[WhiteTitle "FM"]
[BlackTitle "GM"]
[WhiteElo "2334"]
[BlackElo "2753"]
[WhiteFideId "13440110"]
[BlackFideId "4101588"]
[EventDate "2025.06.17"]

1. e4 c5 2. Nf3 e6 3. d4 cxd4 4. Nxd4 a6 5. Nc3 d6 6. Bd3 b5 7. O-O Bb7 8. Nce2
Nf6 9. Ng3 h5 10. Re1 h4 11. Nf1 h3 12. g3 Nbd7 13. a4 bxa4 14. Qe2 Nc5 15. Nd2
Be7 16. b4 axb3 17. cxb3 Nxd3 18. Qxd3 Ng4 19. Qe2 Ne5 20. Bb2 Rc8 21. N2f3 Qb6
22. Nxe5 dxe5 23. Nf3 f6 24. Nh4 Kf7 25. Qg4 Rc2 26. Re3 Rxb2 27. Qg6+ Kf8 28.
Qg4 Rxh4 29. Qxh4 Kg8 30. Qh5 Bf8 31. g4 Bxe4 32. Qxh3 Qd4 33. Rae1 Bd5 34. Qh5
Qf4 35. Rf1 Qxe3 36. fxe3 Rg2+ 37. Kh1 Rxg4+ 38. e4 Bxe4+ 39. Rf3 Bxf3# 0-1

[Event "Titled Tue 17th Jun Late"]
[Site "chess.com INT"]
[Date "2025.06.17"]
[Round "4"]
[White "Muratov, Batyrkhan"]
[Black "Frischmann, Rick"]
[Result "1-0"]
[WhiteTitle "FM"]
[BlackTitle "FM"]
[WhiteElo "2337"]
[BlackElo "2355"]
[WhiteFideId "13712667"]
[BlackFideId "24660752"]
[EventDate "2025.06.17"]

1. Nf3 d5 2. e3 Nc6 3. d4 Bg4 4. Bd3 e5 5. dxe5 Nxe5 6. Be2 Ng6 7. O-O Nf6 8. b3
c6 9. Bb2 Bd6 10. Nbd2 Qe7 11. c4 O-O-O 12. Qc2 Kb8 13. Rfc1 Nh4 14. Nxh4 Bxe2
15. Nf5 Qd7 16. Nxd6 Qxd6 17. c5 Qe6 18. Nf1 Bg4 19. h3 Bf5 20. Qc3 Rde8 21. Ng3
Bxh3 22. gxh3 Qxh3 23. Qd4 Ng4 24. Qf4+ Ka8 25. Qf3 h5 26. Qg2 Qh4 27. b4 Qg5
28. Nf1 h4 29. Nh2 f5 30. b5 Rh6 31. Nf3 Qh5 32. Qh3 Rg6 33. Kf1 Rxe3 34. fxe3
Nxe3+ 35. Ke2 Rg3 36. Qh1 f4 37. Rg1 Qf5 38. Rac1 1-0

[Event "Titled Tue 17th Jun Late"]
[Site "chess.com INT"]
[Date "2025.06.17"]
[Round "4"]
[White "Fadi, Marko"]
[Black "Vazelakis, Dimitrios"]
[Result "0-1"]
[WhiteTitle "FM"]
[WhiteElo "2298"]
[BlackElo "1857"]
[WhiteFideId "10605371"]
[BlackFideId "4203674"]
[EventDate "2025.06.17"]

1. e4 Nf6 2. Nc3 d5 3. exd5 Nxd5 4. Nf3 Bg4 5. d4 e6 6. Bd3 Be7 7. Ne4 h6 8. c3
O-O 9. h3 Bh5 10. Ng3 Bxf3 11. Qxf3 Nc6 12. Qe4 Nf6 13. Qe2 Qd5 14. O-O Rae8 15.
Ne4 Nxe4 16. Bxe4 Qd6 17. Re1 Bf6 18. Qh5 Ne7 19. h4 Nf5 20. g3 g6 21. Qe2 h5
22. Bxb7 Nxg3 23. fxg3 Qxg3+ 24. Bg2 Bxh4 25. Rf1 e5 26. d5 Kg7 27. Be3 f5 28.
Bxa7 f4 29. Bf2 Qg5 30. Bxh4 Qxh4 31. Qe4 g5 32. Rae1 g4 33. a4 Qg5 34. a5 h4 0-1

[Event "Titled Tue 17th Jun Late"]
[Site "chess.com INT"]
[Date "2025.06.17"]
[Round "4"]
[White "Rathbone-Jones, Ifan"]
[Black "Estrada Nieto, Julian"]
[Result "0-1"]
[WhiteTitle "CM"]
[BlackTitle "IM"]
[WhiteElo "2208"]
[BlackElo "2181"]
[WhiteFideId "1803859"]
[BlackFideId "5101018"]
[EventDate "2025.06.17"]

1. d4 d5 2. Bf4 Nf6 3. Nf3 c5 4. e3 Nc6 5. c3 Bf5 6. Bd3 Bxd3 7. Qxd3 e6 8. Nbd2
Bd6 9. Bg3 O-O 10. O-O c4 11. Qe2 b5 12. e4 Bxg3 13. hxg3 b4 14. e5 Nd7 15. a3
bxc3 16. bxc3 Rb8 17. Rab1 Qa5 18. Qe3 Qxa3 19. Ra1 Qe7 20. Ra6 Rb6 21. Rfa1
Rfb8 22. Nf1 Rxa6 23. Rxa6 Rb6 24. Ra2 a5 25. Qc1 h6 26. Ne3 Qd8 27. g4 Qb8 28.
Nd2 Nf8 29. f4 Ng6 30. g3 Nge7 31. Kg2 Rb5 32. Kf3 Qb6 33. f5 Nxd4+ 34. cxd4
Qxd4 35. Qa1 Qxa1 36. Rxa1 Nc6 37. Kf4 c3 38. Ndf1 Rb4+ 39. Kf3 Nxe5+ 40. Ke2 d4
41. Nd1 d3+ 42. Ke3 c2 43. Nc3 Rxg4 44. Kd2 Rc4 45. fxe6 fxe6 46. Rxa5 Rxc3 47.
Kc1 d2+ 48. Nxd2 Nd3# 0-1

[Event "Titled Tue 17th Jun Late"]
[Site "chess.com INT"]
[Date "2025.06.17"]
[Round "4"]
[White "Tymrakiewicz, Rafal"]
[Black "Ristic, Nebojsa M"]
[Result "1-0"]
[WhiteTitle "FM"]
[BlackTitle "IM"]
[WhiteElo "2206"]
[BlackElo "2248"]
[WhiteFideId "1108832"]
[BlackFideId "900850"]
[EventDate "2025.06.17"]

1. d4 Nf6 2. Bg5 e6 3. Nd2 h6 4. Bh4 d5 5. e3 Be7 6. Bd3 O-O 7. Ngf3 b6 8. Qe2
Bb7 9. O-O Ne4 10. Bxe7 Qxe7 11. Rfd1 Nd7 12. c4 c5 13. cxd5 Nxd2 14. Rxd2 Bxd5
15. Bc4 Nf6 16. Bxd5 Nxd5 17. e4 Nf6 18. Rad1 Rac8 19. d5 exd5 20. e5 Rfe8 21.
Qa6 Ne4 22. Rxd5 Rc7 23. h4 c4 24. R5d4 Nc5 25. Qxc4 Ne6 26. Qa4 Nxd4 27. Qxd4
Rec8 28. Kh2 Rc2 29. Qg4 Qe6 30. Qd4 Qxa2 31. Qf4 Qxb2 32. Rd7 Qa2 33. Nd4 Rxf2
34. Qe4 Rd2 35. e6 fxe6 36. Qg6 1-0

[Event "Titled Tue 17th Jun Late"]
[Site "chess.com INT"]
[Date "2025.06.17"]
[Round "4"]
[White "Golis, Wiktor"]
[Black "Mitrabha, Guha"]
[Result "1/2-1/2"]
[WhiteTitle "FM"]
[BlackTitle "GM"]
[WhiteElo "2307"]
[BlackElo "2515"]
[WhiteFideId "21055874"]
[BlackFideId "5057000"]
[EventDate "2025.06.17"]

1. e4 a6 2. d4 e6 3. Nf3 d5 4. Bd3 c5 5. exd5 exd5 6. O-O c4 7. Re1+ Be7 8. Bf1
Nf6 9. b3 b5 10. a4 Bb7 11. axb5 axb5 12. Rxa8 Bxa8 13. Ba3 Nc6 14. Ne5 Nxe5 15.
Rxe5 Ng8 16. Qg4 Kf8 17. Bxe7+ Nxe7 18. Nc3 Bc6 19. bxc4 bxc4 20. g3 h5 21. Rxh5
Rxh5 22. Qxh5 Kg8 23. Qe5 Ng6 24. Qe3 Nf8 25. Bg2 Qa5 26. Ne2 Ne6 27. c3 Qa1+
28. Qc1 Qa2 29. Bf3 Ba4 30. Kg2 Bc6 31. Nf4 Ng5 32. Nxd5 Nxf3 33. Ne7+ Kf8 34.
Nxc6 Qe2 35. Qe3 Ne1+ 36. Kg1 Nf3+ 37. Kg2 Ne1+ 38. Kg1 Qd1 39. Qe7+ Kg8 40.
Qd8+ Kh7 41. Qh4+ Kg8 42. Qd8+ Kh7 43. Qh4+ Kg8 44. Qd8+ 1/2-1/2

[Event "Titled Tue 17th Jun Late"]
[Site "chess.com INT"]
[Date "2025.06.17"]
[Round "4"]
[White "Alvarado, Carlos"]
[Black "Goryachkina, Aleksandra"]
[Result "0-1"]
[WhiteTitle "CM"]
[BlackTitle "GM"]
[WhiteElo "2032"]
[BlackElo "2533"]
[WhiteFideId "3800555"]
[BlackFideId "4147103"]
[EventDate "2025.06.17"]

1. Nf3 Nf6 2. d4 g6 3. Bg5 Bg7 4. Nbd2 O-O 5. c3 d6 6. e4 h6 7. Bh4 Qe8 8. Be2
e5 9. dxe5 dxe5 10. Bxf6 Bxf6 11. h3 Kg7 12. O-O Be6 13. Bc4 Nd7 14. Bxe6 Qxe6
15. Qb3 Nc5 16. Qxe6 Nxe6 17. Nb3 Rfc8 18. Rfd1 Rd8 19. Na5 Nc5 20. Re1 Nd3 21.
Re2 b6 22. Nc6 Rd6 23. Nb4 Nf4 24. Ree1 Rad8 25. Na6 R8d7 26. a4 Rd3 27. Nb8
R7d6 28. Kh2 g5 29. Na6 c5 30. Rac1 h5 31. b4 c4 32. b5 g4 33. Ng1 Rd2 34. Rf1
Bg5 35. Nb4 Nd3 36. Nxd3 R6xd3 37. hxg4 hxg4 38. f3 Bf4+ 39. Kh1 Ra2 40. Ra1
Rxa1 41. Rxa1 Rxc3 42. fxg4 Rc2 43. Nf3 c3 44. Ne1 Rd2 45. Rc1 Re2 46. Ra1 c2
47. Nd3 Rd2 48. Nxf4 Rd1+ 0-1

[Event "Titled Tue 17th Jun Late"]
[Site "chess.com INT"]
[Date "2025.06.17"]
[Round "4"]
[White "Sethuraman, Roshan"]
[Black "Mahdavi, Reza"]
[Result "0-1"]
[BlackTitle "IM"]
[WhiteElo "2074"]
[BlackElo "2454"]
[WhiteFideId "30965250"]
[BlackFideId "12595926"]
[EventDate "2025.06.17"]

1. e4 c5 2. Nf3 d6 3. d4 cxd4 4. Nxd4 Nf6 5. Nc3 a6 6. Be3 e5 7. Nb3 Be6 8. f3
Nbd7 9. Qd2 b5 10. g4 h6 11. a3 Be7 12. h4 Nb6 13. Be2 Rb8 14. Na5 Qc7 15. O-O-O
Nfd7 16. g5 Nc5 17. gxh6 gxh6 18. Kb1 Nba4 19. Nxa4 Nxa4 20. f4 exf4 21. Bxf4
Rc8 22. Rc1 Nc5 23. Qd4 Rg8 24. Nb3 Na4 25. Rhg1 Rxg1 26. Qxg1 Bf6 27. Nd4 Nc3+
28. bxc3 Qxc3 29. Be3 Qxa3 30. c4 bxc4 31. Kc2 Rb8 32. Qg8+ Kd7 33. Qxb8 Qxe3
34. Qb7+ Ke8 35. Qb8+ Kd7 36. Qb7+ Ke8 37. Qb8+ Bd8 38. Qxd6 Qxe4+ 39. Kd2 Ba5+
40. Kd1 Bd7 41. Rxc4 Qb1+ 42. Rc1 Ba4+ 0-1

[Event "Titled Tue 17th Jun Late"]
[Site "chess.com INT"]
[Date "2025.06.17"]
[Round "4"]
[White "Wagner, Dennis"]
[Black "Urbina Perez, Juan Antonio"]
[Result "1-0"]
[WhiteTitle "GM"]
[BlackTitle "FM"]
[WhiteElo "2619"]
[BlackElo "2221"]
[WhiteFideId "24650684"]
[BlackFideId "2217368"]
[EventDate "2025.06.17"]

1. e4 e6 2. d4 d5 3. Nd2 c5 4. exd5 Qxd5 5. Ngf3 cxd4 6. Bc4 Qd7 7. O-O Qc7 8.
Nxd4 Nf6 9. Qe2 a6 10. N2f3 Bc5 11. Bg5 O-O 12. Bxf6 gxf6 13. Qe4 Nc6 14. Rad1
Nxd4 15. Nxd4 Qe5 16. Qg4+ Qg5 17. Qh3 e5 18. Nf3 Bxh3 19. Nxg5 fxg5 20. gxh3
Rad8 21. Bd5 b6 22. Kg2 Kg7 23. Rfe1 Rd6 24. Rxe5 Rfd8 25. c4 h6 26. a3 Rf6 27.
Rd2 a5 28. Re4 Rdd6 29. Rde2 Rf5 30. h4 Rdf6 31. hxg5 Rxf2+ 32. Rxf2 Rxf2+ 33.
Kg3 hxg5 34. b4 axb4 35. axb4 1-0

[Event "Titled Tue 17th Jun Late"]
[Site "chess.com INT"]
[Date "2025.06.17"]
[Round "4"]
[White "Kobo, Ori"]
[Black "Tsydypov, Zhamsaran"]
[Result "0-1"]
[WhiteTitle "GM"]
[BlackTitle "GM"]
[WhiteElo "2493"]
[BlackElo "2514"]
[WhiteFideId "2812320"]
[BlackFideId "4108566"]
[EventDate "2025.06.17"]

1. c4 g6 2. g3 Bg7 3. Bg2 e5 4. Nc3 d6 5. Rb1 f5 6. d3 Nf6 7. b4 O-O 8. e3 c6 9.
b5 Be6 10. Ba3 Qc7 11. Nge2 Nbd7 12. O-O Rfd8 13. Qa4 c5 14. Qc2 Bf7 15. Bb2 Nb6
16. a4 d5 17. a5 Nc8 18. Nxd5 Nxd5 19. cxd5 Qxa5 20. Qxc5 Qd2 21. Nc3 Bf8 22.
Qc4 Nb6 23. Qh4 Qxd3 24. Rfd1 Qc4 25. Qf6 Nd7 26. Qg5 h6 27. Qh4 Qxh4 28. gxh4
h5 29. d6 e4 30. Ba3 Ne5 31. Nd5 Nd3 32. Ne7+ Kh7 33. Bf1 Ne5 34. Rbc1 Rd7 35.
Nd5 Bxd5 36. Rxd5 Bg7 37. Be2 Rad8 38. Rc7 b6 39. Kg2 Kh6 40. Bb2 Nf7 41. Ba3
Be5 42. Rc6 Bxd6 43. Bb2 Be7 44. Rxd7 Rxd7 45. Kg3 Rd2 46. Bc4 Nd8 47. Rc7 Bd6+ 0-1

[Event "Titled Tue 17th Jun Late"]
[Site "chess.com INT"]
[Date "2025.06.17"]
[Round "4"]
[White "Korkmaz, Necmettin"]
[Black "Watanabe, Akira"]
[Result "0-1"]
[WhiteTitle "CM"]
[BlackTitle "FM"]
[WhiteElo "2059"]
[BlackElo "2284"]
[WhiteFideId "6303285"]
[BlackFideId "7000227"]
[EventDate "2025.06.17"]

1. e4 c5 2. Nc3 e6 3. f4 d5 4. Nf3 dxe4 5. Nxe4 Nd7 6. g3 Ngf6 7. Nxf6+ Nxf6 8.
Bg2 Be7 9. O-O O-O 10. b3 Qc7 11. Bb2 Nd7 12. Ne5 Nxe5 13. Bxe5 Bd6 14. Bb2 Bd7
15. Qg4 f6 16. Rae1 Rae8 17. Qh5 Bc6 18. Bh3 Qf7 19. Qe2 e5 20. fxe5 Bxe5 21.
Bxe5 Qd5 22. Bg2 Qxg2+ 23. Qxg2 Bxg2 24. Kxg2 Rxe5 25. Rxe5 fxe5 26. Rxf8+ Kxf8
27. Kf3 Ke7 28. Ke4 Ke6 29. c4 b6 30. a3 a5 31. h3 g6 32. h4 h5 33. d3 Kd6 34.
Kf3 Ke6 35. g4 Kf6 36. gxh5 gxh5 37. Ke4 Ke6 38. a4 Kf6 39. Kd5 Kf5 40. Kd6 Kg4
41. Kxe5 Kxh4 42. Kf4 Kh3 43. Kf3 h4 44. Kf2 Kh2 45. Kf3 Kh3 46. Kf2 Kg4 47. d4
cxd4 48. b4 h3 49. c5 bxc5 50. bxc5 Kf5 51. c6 Ke6 52. c7 Kd7 53. Kg3 d3 54.
Kxh3 d2 55. Kg3 d1=Q 56. Kf4 Qe2 57. Kf5 Qe3 58. c8=Q+ Kxc8 59. Kf6 Qe4 60. Kf7
Kd7 61. Kg8 Qf5 62. Kh8 Ke7 63. Kg8 Qf6 64. Kh7 Qg5 65. Kh8 Kf8 66. Kh7 Qg7# 0-1

[Event "Titled Tue 17th Jun Late"]
[Site "chess.com INT"]
[Date "2025.06.17"]
[Round "4"]
[White "Todorovic, Bojan"]
[Black "Gustafsson, Jan"]
[Result "1/2-1/2"]
[WhiteTitle "FM"]
[BlackTitle "GM"]
[WhiteElo "2111"]
[BlackElo "2591"]
[WhiteFideId "917087"]
[BlackFideId "4625498"]
[EventDate "2025.06.17"]

1. d4 d5 2. c4 c5 3. cxd5 Qxd5 4. Nf3 cxd4 5. Qxd4 Qxd4 6. Nxd4 Bd7 7. Nc3 Nc6
8. Nxc6 Bxc6 9. e4 e6 10. f3 Bc5 11. Bg5 Ne7 12. Bb5 f6 13. Bh4 O-O 14. Bf2 Bb4
15. Bxc6 Bxc3+ 16. bxc3 Nxc6 17. O-O-O Rfc8 18. Kb2 Na5 19. Rd7 Rc6 20. Rhd1
Rac8 21. Rd8+ Kf7 22. Rxc8 Rxc8 23. Rd7+ Kg6 24. Bxa7 b6 25. Kc2 Nc4 26. g3 Ne5
27. Re7 Nc6 28. Rb7 Ra8 29. Bxb6 Rxa2+ 30. Kb3 Rxh2 31. f4 Rg2 32. Rc7 Nd8 33.
f5+ exf5 34. exf5+ Kh6 35. Be3+ g5 36. Rd7 Rxg3 37. Bd4 Nc6 38. Bxf6 Kh5 39.
Rxh7+ Kg4 40. Rg7 Kxf5 41. Rxg5+ Rxg5 42. Bxg5 Kxg5 43. Kc4 Kf6 44. Kd5 Na5 45.
c4 Nxc4 1/2-1/2

[Event "Titled Tue 17th Jun Late"]
[Site "chess.com INT"]
[Date "2025.06.17"]
[Round "4"]
[White "Bressac, Stephane"]
[Black "Chen, Yidong"]
[Result "1-0"]
[WhiteTitle "IM"]
[WhiteElo "2280"]
[BlackElo "2074"]
[WhiteFideId "655945"]
[BlackFideId "8607028"]
[EventDate "2025.06.17"]

1. e4 c5 2. Nf3 d6 3. Bb5+ Bd7 4. Bxd7+ Qxd7 5. c4 Nc6 6. d4 cxd4 7. Nxd4 Nf6 8.
Nc3 g6 9. b3 Bg7 10. Bb2 O-O 11. O-O a6 12. Nxc6 Qxc6 13. Nd5 Nxd5 14. exd5 Qd7
15. Bxg7 Kxg7 16. Re1 b5 17. Rc1 Rac8 18. Qd2 Kg8 19. Re4 bxc4 20. bxc4 Rfe8 21.
Rce1 Qf5 22. h4 h5 23. Rf4 Qd7 24. g3 Rc5 25. Rfe4 Kh7 26. Qd4 Rc7 27. Kh2 a5
28. Qe3 a4 29. Qg5 Qf5 30. Qe3 Kg8 31. Rf4 Qc2 32. Re2 Qb1 33. Qf3 Rf8 34. g4
hxg4 35. Qxg4 Kg7 36. Kg2 Rh8 37. a3 Rh5 38. Re3 Rf5 39. Rfe4 Qb2 40. Qg3 Qf6
41. Rg4 Rb7 42. Rg5 Rb2 43. Rxf5 Qxf5 44. Rxe7 Rb3 45. Re3 1-0

[Event "Titled Tue 17th Jun Late"]
[Site "chess.com INT"]
[Date "2025.06.17"]
[Round "4"]
[White "Modric, Nesa"]
[Black "Amirkul, Alimzhan"]
[Result "0-1"]
[WhiteTitle "CM"]
[BlackTitle "FM"]
[WhiteElo "2088"]
[BlackElo "2357"]
[WhiteFideId "922579"]
[BlackFideId "13718428"]
[EventDate "2025.06.17"]

1. d4 Nf6 2. Bg5 e6 3. Nf3 d5 4. e3 Be7 5. Bd3 O-O 6. Nbd2 Nbd7 7. O-O b6 8. Ne5
Bb7 9. f4 Ne4 10. Bxe7 Qxe7 11. Nxd7 Qxd7 12. Nf3 c5 13. c3 Rac8 14. Rc1 f6 15.
Nd2 Rfd8 16. Qe2 Re8 17. Bb5 Bc6 18. Bxc6 Qxc6 19. Nxe4 dxe4 20. dxc5 Qxc5 21.
Rfd1 Red8 22. Kf2 Qa5 23. a3 Qa4 24. Rd2 Kf7 25. Qh5+ Kg8 26. Rcd1 Rxd2+ 27.
Rxd2 Qc6 28. Qd1 Qb5 29. Qc2 f5 30. Rd6 Kf7 31. Qd2 Rc7 32. h3 h6 33. g4 Ke7 34.
Rd8 Kf7 35. Rd6 Ke7 36. Rd8 Qc5 37. Qd4 Qxd4 38. Rxd4 Rc5 39. Kg3 g5 0-1

[Event "Titled Tue 17th Jun Late"]
[Site "chess.com INT"]
[Date "2025.06.17"]
[Round "4"]
[White "Sinkar, Anagha Aniket"]
[Black "Vila Dupla, Aurelio"]
[Result "0-1"]
[WhiteTitle "WCM"]
[BlackTitle "FM"]
[WhiteElo "1776"]
[BlackElo "2056"]
[WhiteFideId "30974780"]
[BlackFideId "2203383"]
[EventDate "2025.06.17"]

1. e4 c5 2. c3 d5 3. exd5 Qxd5 4. d4 Nf6 5. Nf3 Bg4 6. Be2 e6 7. Be3 cxd4 8.
Bxd4 Nc6 9. c4 Qa5+ 10. Bc3 Bb4 11. O-O Bxc3 12. Nxc3 O-O 13. h3 Bh5 14. Qb3
Bxf3 15. Bxf3 Nd4 16. Qd1 Nxf3+ 17. Qxf3 b6 18. Rfd1 Rac8 19. b3 Qc5 20. Nb5 a6
21. Nd6 Rc7 22. Rd3 h6 23. Rad1 Rb8 24. Ne4 Nxe4 25. Qxe4 g6 26. Rd8+ Rxd8 27.
Rxd8+ Kg7 28. Qa8 Qe5 29. Rg8+ Kf6 30. Qd8+ Kf5 31. Qh4 Qe1+ 32. Kh2 Qe5+ 33. g3
h5 34. Kg2 Qe4+ 35. Qxe4+ Kxe4 36. Ra8 a5 37. Rb8 Rc6 38. Rb7 f5 39. Rg7 Kd4 40.
Rxg6 Kc3 41. Rg5 Kb2 42. Rxh5 Kxa2 43. Rg5 Kxb3 44. h4 a4 45. Rg8 a3 46. h5 Rxc4
47. h6 a2 48. Ra8 Ra4 49. Rxa4 Kxa4 50. h7 a1=Q 0-1

[Event "Titled Tue 17th Jun Late"]
[Site "chess.com INT"]
[Date "2025.06.17"]
[Round "4"]
[White "Papasimakopoulos, Alexandros"]
[Black "Sheehan, Ethan"]
[Result "1-0"]
[WhiteTitle "IM"]
[WhiteElo "2366"]
[BlackElo "2364"]
[WhiteFideId "4244125"]
[BlackFideId "30943965"]
[EventDate "2025.06.17"]

1. d4 d5 2. c4 e6 3. Nc3 Nf6 4. cxd5 exd5 5. Bg5 Bb4 6. e3 h6 7. Bxf6 Qxf6 8.
Qa4+ Nc6 9. Bb5 Bd7 10. Ne2 O-O 11. O-O Bxc3 12. Nxc3 Qd6 13. Qb3 Be6 14. Bxc6
Qxc6 15. Qb5 Qxb5 16. Nxb5 Rfc8 17. Rfc1 c6 18. Nc3 Bf5 19. Na4 Rc7 20. f3 Rac8
21. Rc3 b6 22. Rac1 Bd7 23. Ra3 Kf8 24. b4 Ke7 25. Kf2 Kd6 26. Nb2 c5 27. bxc5+
bxc5 28. Ra6+ Ke7 29. dxc5 Rxc5 30. Rxc5 Rxc5 31. Nd3 Rc2+ 32. Kg3 Re2 33. Nf4
Rd2 34. Rxa7 g5 35. Nh5 Re2 36. Ng7 Kd6 37. Ra6+ Kc5 38. Ra3 Kb4 39. Rb3+ Kc4
40. Ra3 Kb4 41. Ra7 Be6 42. Rb7+ Kc4 43. a4 Rxe3 44. a5 d4 45. a6 Ra3 46. Nxe6
fxe6 47. Rc7+ Kb3 48. a7 d3 49. Kf2 Ra2+ 50. Ke3 d2 51. Ke2 Kb4 52. g3 h5 53. h3
e5 54. g4 hxg4 55. hxg4 Kb3 56. Kd1 Kb4 57. Rc8 Rxa7 58. Kxd2 Ra3 59. Ke2 Rc3
60. Rxc3 Kxc3 61. Ke3 Kc2 62. Ke4 Kd2 63. Kxe5 Ke3 64. Kf5 Kxf3 65. Kxg5 1-0